European Brand Logos - Statistics

General Stats
  • This quiz has been taken 482 times
  • The average score is 13 of 20
Answer Stats
Picture Answer % Correct
Spotify
98%
LEGO
96%
Rolex
89%
Puma
87%
Nestlé
84%
Adidas
83%
Red Bull
83%
Michelin
81%
Volkswagen
81%
Gucci
80%
Louis Vuitton
80%
Ferrari
79%
Lacoste
74%
Ryanair
51%
Knorr
43%
Unilever
42%
Amstel
32%
Mango
18%
Decathlon
15%
Godiva Chocolatier
6%
No matching quizzes found
Score Distribution
Percent of People with Each Score
Percentile by Number Answered
Your Score History
You have not taken this quiz